[Event "ESP-ch U14 rapid"]
[Site "Salobrena"]
[Date "2023.07.23"]
[Round "5"]
[White "Ortega Herrera, Paris Francisco"]
[Black "Cesar Maestre, Eduardo"]
[Result "1/2-1/2"]
[WhiteElo "1610"]
[BlackElo "1783"]
[PlyCount "134"]
[EventDate "2023.07.22"]
[EventType "swiss (rapid)"]
[EventRounds "9"]
[EventCountry "ESP"]
[SourceTitle "EXT 2024"]
[Source "ChessBase"]
[SourceDate "2023.10.10"]
[SourceVersion "1"]
[SourceVersionDate "2023.10.10"]
[SourceQuality "1"]

1. d4 d5 2. Nf3 e6 3. e3 c6 4. c4 Nf6 5. Nc3 Bd6 6. Be2 Nbd7 7. 0-0 0-0 8. b3 Qe7 9. Bb2 h6 10. Re1 Rd8 11. Qc2 e5 12. cxd5 cxd5 13. dxe5 Nxe5 14. Rad1 Be6 15. Nb5 Nxf3+ 16. Bxf3 Rac8 17. Qd3 Bb8 18. Nd4 Bd7 19. g3 Bc6 20. Nf5 Qe6 21. Bg2 Be5 22. Nd4 Qe7 23. Bh3 Bd7 24. Bg2 Bc6 25. Nf5 Qe6 26. Ba3 Kh8 27. Nd4 Qe8 28. Nxc6 bxc6 29. Bh3 Rc7 30. Rc1 Bd6 31. Bb2 Be5 32. Bd4 Bxd4 33. exd4 Qf8 34. Rc2 Qd6 35. Rec1 Rb8 36. Bg2 Kg8 37. Qa6 Rb6 38. Qe2 Rb8 39. Qd3 Kh8 40. Qe3 Re8 41. Qd3 Rb8 42. Qa6 Rb6 43. Qe2 Rb8 44. Qe5 Rd8 45. Qxd6 Rxd6 46. b4 Rb7 47. a3 Rb6 48. Re1 Rd7 49. Bh3 Rc7 50. Bf5 Kg8 51. Rec1 Kf8 52. Rb2 Rcb7 53. Rc5 Ke7 54. Rbc2 Nd7 55. Rxc6 Rxc6 56. Rxc6 Nf6 57. Bd3 Kd7 58. Rc3 Kd6 59. Kg2 Nd7 60. Bf5 Nf8 61. Bc8 Re7 62. Bf5 g6 63. Bd3 Ne6 64. Rc8 Nxd4 65. Rd8+ Rd7 66. Rc8 Rc7 67. Rd8+ Rd7 1/2-1/2

[Event "ESP-ch U14 Rapid"]
[Site "Salobrena"]
[Date "2022.07.24"]
[Round "6"]
[White "Martino Girones, Gonzalo"]
[Black "Ortega Herrera, Paris Francisco"]
[Result "1-0"]
[WhiteElo "1288"]
[BlackElo "1436"]
[PlyCount "85"]
[EventDate "2022.07.23"]
[EventType "swiss (rapid)"]
[EventRounds "9"]
[EventCountry "ESP"]
[SourceTitle "EXT 2023"]
[Source "ChessBase"]
[SourceDate "2022.10.05"]
[SourceVersion "1"]
[SourceVersionDate "2022.10.05"]
[SourceQuality "1"]

1. d4 d5 2. Nf3 Nf6 3. e3 e6 4. Bd3 Be7 5. Nbd2 c5 6. c3 Nc6 7. 0-0 0-0 8. dxc5 Bxc5 9. e4 Qc7 10. Qe2 Re8 11. Nb3 Bb6 12. e5 Nd7 13. Re1 Nc5 14. Nxc5 Bxc5 15. Bg5 Be7 16. Bxe7 Qxe7 17. Bc2 Bd7 18. Qd3 g6 19. Rad1 Na5 20. h3 Nc4 21. Rb1 Bb5 22. Qd4 Nb6 23. Nh2 h5 24. Nf3 Rac8 25. Bb3 Bc4 26. Qf4 Bxb3 27. axb3 Nd7 28. Ng5 Nc5 29. Re3 Kg7 30. Rf3 Rf8 31. b4 Nd7 32. Re1 Rc4 33. Qe3 Nb6 34. g3 Rcc8 35. b3 Qc7 36. h4 Rce8 37. Ra1 a6 38. Re1 Nd7 39. Kg2 Qc6 40. Kg1 Qb6 41. Qf4 Qc7 42. Nxf7 Re7 43. Qh6+ 1-0

[Event "ESP-ch U14 Rapid"]
[Site "Salobrena"]
[Date "2022.07.24"]
[Round "5"]
[White "Ortega Herrera, Paris Francisco"]
[Black "Centeno Mendoza, Julio Stefano"]
[Result "0-1"]
[WhiteElo "1436"]
[BlackElo "1816"]
[PlyCount "138"]
[EventDate "2022.07.23"]
[EventType "swiss (rapid)"]
[EventRounds "9"]
[EventCountry "ESP"]
[SourceTitle "EXT 2023"]
[Source "ChessBase"]
[SourceDate "2022.10.05"]
[SourceVersion "1"]
[SourceVersionDate "2022.10.05"]
[SourceQuality "1"]

1. d4 d5 2. Nf3 Nf6 3. c4 e6 4. Nc3 Be7 5. e3 0-0 6. Be2 b6 7. 0-0 Bb7 8. Bd2 Nbd7 9. Rc1 c5 10. cxd5 exd5 11. Re1 Ne4 12. Bd3 Ndf6 13. Ne5 Nxc3 14. bxc3 c4 15. Bb1 Ba3 16. Rc2 Bc8 17. Bc1 Bd6 18. f4 Bf5 19. Rb2 Bxb1 20. Rxb1 Ne4 21. Bb2 f6 22. Nf3 Qe7 23. Nd2 Rfe8 24. Qc2 Nxd2 25. Qxd2 Qe4 26. Rbc1 Re6 27. Re2 Rae8 28. Rce1 Qf5 29. Bc1 Qh5 30. g3 Qg4 31. Rg2 h5 32. Qe2 Qf5 33. Qf3 Re4 34. Bd2 Kf7 35. g4 hxg4 36. Qxg4 Qxg4 37. Rxg4 g5 38. Rf1 b5 39. Rg3 gxf4 40. exf4 Re2 41. Rf2 Rxd2 42. Rxd2 Bxf4 43. Rb2 Bxg3 44. hxg3 a6 45. a4 bxa4 46. Rb7+ Re7 47. Rb4 Re3 48. Kf2 Rxc3 49. Rxa4 Rd3 50. Rxa6 Rxd4 51. Ra7+ Kg6 52. Rd7 Rd3 53. Rc7 Kf5 54. Rc5 Ke4 55. Rc6 Rd2+ 56. Ke1 Rg2 57. Rxf6 Rxg3 58. Re6+ Kd3 59. Ra6 d4 60. Kf2 Re3 61. Ra3+ c3 62. Ra2 Re8 63. Ra1 Kd2 64. Ra4 d3 65. Ra1 Rf8+ 66. Kg2 c2 67. Ra2 Kd1 68. Ra3 d2 69. Rh3 c1Q 0-1

[Event "ESP-ch U14"]
[Site "Salobrena"]
[Date "2022.07.19"]
[Round "3"]
[White "Tabuenca Mendataurigoitia, Daniel"]
[Black "Ortega Herrera, Paris Francisco"]
[Result "1-0"]
[WhiteElo "2170"]
[BlackElo "1574"]
[PlyCount "95"]
[EventDate "2022.07.18"]
[EventType "swiss"]
[EventRounds "9"]
[EventCountry "ESP"]
[SourceTitle "EXT 2023"]
[Source "ChessBase"]
[SourceDate "2022.10.05"]
[SourceVersion "1"]
[SourceVersionDate "2022.10.05"]
[SourceQuality "1"]

1. e4 e5 2. Nf3 Nc6 3. Bb5 d6 4. d4 exd4 5. Nxd4 Bd7 6. Nc3 Nxd4 7. Bxd7+ Qxd7 8. Qxd4 Nf6 9. 0-0 Be7 10. Rd1 Qc6 11. Bh6 Rg8 12. Be3 Ng4 13. Nd5 Bf6 14. Nxf6+ gxf6 15. Bf4 Ne5 16. Qd5 Qxd5 17. Rxd5 Ke7 18. Bg3 Rg6 19. Re1 Rag8 20. f4 Nd7 21. Re2 a6 22. a4 Rh8 23. Rh5 h6 24. Kf2 Kf8 25. Kf3 Kg7 26. Bf2 Kh7 27. g4 Rgg8 28. b3 Re8 29. Bd4 Rhg8 30. h4 Rg6 31. Rf5 Re6 32. g5 Kg8 33. h5 fxg5 34. hxg6 fxg6 35. Ra5 c5 36. Bb2 Nb8 37. e5 g4+ 38. Kxg4 b6 39. f5 Re8 40. e6 gxf5+ 41. Kxf5 bxa5 42. Rg2+ Kf8 43. Bg7+ Ke7 44. Bf6+ Kf8 45. e7+ Rxe7 46. Bxe7+ Kxe7 47. Rg7+ Kf8 48. Rc7 1-0

[Event "ESP-ch U12"]
[Site "Salobrena"]
[Date "2021.07.07"]
[Round "4"]
[White "Bercaru, Vlad Ionut"]
[Black "Ortega Herrera, Paris Francisco"]
[Result "1-0"]
[WhiteElo "1792"]
[BlackElo "1339"]
[PlyCount "75"]
[EventDate "2021.07.05"]
[EventType "swiss"]
[EventRounds "9"]
[EventCountry "ESP"]
[SourceTitle "EXT 2022"]
[Source "ChessBase"]
[SourceDate "2021.10.06"]
[SourceVersion "1"]
[SourceVersionDate "2021.10.06"]
[SourceQuality "1"]

1. c4 e5 2. Nc3 Nf6 3. Nf3 Nc6 4. e4 Bb4 5. d3 0-0 6. a3 Bxc3+ 7. bxc3 d6 8. Rb1 Rb8 9. Be2 h6 10. 0-0 b6 11. Ne1 Re8 12. f4 Bd7 13. f5 Nh7 14. Be3 Qe7 15. Qd2 a6 16. Rf3 b5 17. cxb5 Rxb5 18. Rxb5 axb5 19. Rg3 Kh8 20. Rh3 Qf6 21. Nf3 d5 22. Bxh6 Kg8 23. Rg3 g6 24. fxg6 fxg6 25. Nh4 Ne7 26. Nxg6 Nxg6 27. Bh5 Nhf8 28. Bxf8 Qxf8 29. Bxg6 Re7 30. Bf7+ Kh7 31. Bxd5 c6 32. Qg5 cxd5 33. Qh4+ Qh6 34. Qxe7+ Kh8 35. Qd8+ Be8 36. Qxe8+ Qf8 37. Qxf8+ Kh7 38. Qg7# 1-0

[Event "ESP-ch U12"]
[Site "Salobrena"]
[Date "2020.07.29"]
[Round "5"]
[White "Menendez Perez, Miguel"]
[Black "Ortega Herrera, Paris Francisco"]
[Result "0-1"]
[WhiteElo "1542"]
[BlackElo "1303"]
[PlyCount "50"]
[EventDate "2020.07.27"]
[EventType "swiss"]
[EventRounds "9"]
[EventCountry "ESP"]
[SourceTitle "EXT 2021"]
[Source "ChessBase"]
[SourceDate "2020.10.23"]
[SourceVersion "1"]
[SourceVersionDate "2020.10.23"]
[SourceQuality "1"]

1. e4 e5 2. Nf3 Nc6 3. Bc4 Bc5 4. c3 Nf6 5. d3 d6 6. a4 a5 7. Nbd2 Ng4 8. 0-0 Qf6 9. h3 Nh6 10. Re1 g5 11. Qe2 g4 12. hxg4 Nxg4 13. Rf1 Rg8 14. Nb3 Bb6 15. Be3 Nxe3 16. fxe3 Qh6 17. d4 Bh3 18. Bxf7+ Kxf7 19. Nxe5+ Ke8 20. Rf2 Nxe5 21. Nc5 Ng4 22. Qc4 Rg7 23. Raf1 Nxf2 24. Rxf2 Bxc5 25. dxc5 Qxe3 0-1

[Event "ESP-ch U12"]
[Site "Salobrena"]
[Date "2020.07.27"]
[Round "1"]
[White "Ortega Herrera, Paris Francisco"]
[Black "Gomez Aguirre, Juan Alberto"]
[Result "0-1"]
[WhiteElo "1303"]
[BlackElo "1788"]
[PlyCount "40"]
[EventDate "2020.07.27"]
[EventType "swiss"]
[EventRounds "9"]
[EventCountry "ESP"]
[SourceTitle "EXT 2021"]
[Source "ChessBase"]
[SourceDate "2020.10.23"]
[SourceVersion "1"]
[SourceVersionDate "2020.10.23"]
[SourceQuality "1"]

1. e4 e5 2. Nf3 Nc6 3. b3 Bc5 4. Bb2 d6 5. Be2 Nf6 6. d3 a6 7. Nbd2 Ba7 8. a3 h6 9. Nc4 Be6 10. Qd2 Qd7 11. Ne3 0-0 12. 0-0 Ne7 13. Rad1 Ng6 14. h3 Nf4 15. Kh2 Bxh3 16. Rg1 Bxg2 17. Nf5 Ng4+ 18. Kg3 Bxf2+ 19. Kxg4 h5+ 20. Kg5 f6# 0-1